[Event "Olimpiada Dresden 2008 Femenina"]
[Site "Dresden GER"]
[Date "2008.11.19"]
[Round "6.25"]
[White "Petrenko, Svetlana"]
[Black "Winkelmann, Elena"]
[Result "1-0"]
[WhiteElo "2285"]
[BlackElo "2096"]
[PlyCount "153"]
[EventDate "2008.11.13"]
[EventType "team-tourn"]
[EventRounds "11"]
[EventCountry "GER"]
[Source "lmi"]
[SourceDate "2008.11.13"]
[WhiteTeam "Moldavia"]
[BlackTeam "Alemania"]
[WhiteTeamCountry "MDA"]
[BlackTeamCountry "GER"]

1. Nf3 d6 2. g3 e5 3. Bg2 f5 4. c4 Nf6 5. Nc3 g6 6. d4 e4 7. Ng5 Bg7 8. O-O O-O
9. f3 exf3 10. exf3 h6 11. Nh3 Nh5 12. Be3 Be6 13. d5 Bd7 14. Qd2 Kh7 15. b4 a5
16. b5 g5 17. f4 g4 18. Nf2 Be8 19. Rac1 Nd7 20. Ne2 Nc5 21. Nd3 Nxd3 22. Qxd3
b6 23. Bd4 Bd7 24. Rfe1 Rc8 25. h3 gxh3 26. Bxh3 Qe8 27. Bxg7 Nxg7 28. Nd4 Qf7
29. Kf2 Qf6 30. Bg2 Rce8 31. Rh1 Rh8 32. Rh3 Kg8 33. Rch1 Kf8 34. Qc3 Kf7 35.
Bf3 Re7 36. Qa1 Ke8 37. R1h2 Kf8 38. a4 h5 39. Rh1 Rh6 40. Qd1 Be8 41. Qd2 Bf7
42. Be2 Bg6 43. Nf3 Ke8 44. Bd3 Kd8 45. Bb1 Be8 46. Qd4 Kd7 47. Bd3 Qxd4+ 48.
Nxd4 Bg6 49. Rd1 Re8 50. Rhh1 Rhh8 51. Nc6 h4 52. Rxh4 Rxh4 53. gxh4 Nh5 54.
Kf3 Nf6 55. Rg1 Bh5+ 56. Kf2 Ng4+ 57. Kg2 Ne3+ 58. Kf2 Ng4+ 59. Kg2 Ne3+ 60.
Kh3 Bg4+ 61. Kg3 Nxd5 62. Bxf5+ Bxf5 63. cxd5 Rg8+ 64. Kf2 Rxg1 65. Kxg1 Bc2
66. h5 Ke8 67. Nd4 Bxa4 68. h6 Kf7 69. f5 Kg8 70. Kf2 Bd1 71. f6 Bh5 72. Ke3
Kh7 73. Ne6 Kxh6 74. Nxc7 Kg5 75. Na8 Kxf6 76. Kd3 a4 77. Ke4 1-0

[Event "Olimpiada Dresden 2008 Femenina"]
[Site "Dresden GER"]
[Date "2008.11.19"]
[Round "6.25"]
[White "Steinbacher, Claudia"]
[Black "Smokina, Karolina"]
[Result "1-0"]
[WhiteElo "2203"]
[BlackElo "2235"]
[PlyCount "87"]
[EventDate "2008.11.13"]
[EventType "team-tourn"]
[EventRounds "11"]
[EventCountry "GER"]
[Source "lmi"]
[SourceDate "2008.11.13"]
[WhiteTeam "Alemania"]
[BlackTeam "Moldavia"]
[WhiteTeamCountry "GER"]
[BlackTeamCountry "MDA"]

1. e4 c6 2. d3 g6 3. Nf3 Bg7 4. g3 d6 5. Bg2 Nf6 6. O-O O-O 7. Re1 e5 8. c3
Nbd7 9. d4 Re8 10. Nbd2 Qc7 11. h3 b6 12. a4 a5 13. b3 Bb7 14. Bb2 d5 15. exd5
Nxd5 16. Qc2 Rad8 17. Rad1 b5 18. dxe5 Nxe5 19. Nxe5 Bxe5 20. Nf3 Bf6 21. Rxe8+
Rxe8 22. axb5 cxb5 23. Nd4 Qb6 24. Qd2 b4 25. cxb4 axb4 26. Nf5 Bc3 27. Nh6+
Kg7 28. Bxd5 Bxd5 29. Qxd5 Kxh6 30. Qxf7 Qe6 31. Bc1+ g5 32. Bxg5+ Kxg5 33.
Rd5+ Qxd5 34. Qxd5+ Kf6 35. Kg2 Rf8 36. f4 Kg7 37. Kf3 Rf6 38. g4 Rf7 39. g5
Rf8 40. h4 h6 41. Qe6 hxg5 42. hxg5 Rf7 43. f5 Bd4 44. Qg6+ 1-0

[Event "Olimpiada Dresden 2008 Femenina"]
[Site "Dresden GER"]
[Date "2008.11.19"]
[Round "6.25"]
[White "Partac, Elena"]
[Black "Ulms, Sandra"]
[Result "1/2-1/2"]
[WhiteElo "2168"]
[BlackElo "2160"]
[PlyCount "111"]
[EventDate "2008.11.13"]
[EventType "team-tourn"]
[EventRounds "11"]
[EventCountry "GER"]
[Source "lmi"]
[SourceDate "2008.11.13"]
[WhiteTeam "Moldavia"]
[BlackTeam "Alemania"]
[WhiteTeamCountry "MDA"]
[BlackTeamCountry "GER"]

1. e4 c5 2. Nc3 Nc6 3. g3 g6 4. Bg2 Bg7 5. d3 d6 6. Be3 e5 7. Qd2 Nge7 8. Bh6
Bxh6 9. Qxh6 Nd4 10. Qd2 Qa5 11. h3 Be6 12. Nge2 Nec6 13. a3 h5 14. f4 O-O-O
15. O-O Kb8 16. Kh2 Nxe2 17. Qxe2 Nd4 18. Qd2 Rc8 19. Qd1 Qb6 20. Na4 Qc6 21.
c4 b5 22. cxb5 Qxb5 23. Nc3 Qd7 24. Nd5 Bxd5 25. exd5 f5 26. fxe5 dxe5 27. h4
Qd6 28. Rc1 Rh7 29. Rc4 f4 30. Be4 Rb7 31. b4 fxg3+ 32. Kxg3 Nf5+ 33. Bxf5 gxf5
34. Rxf5 Qxd5 35. Rg5 Rd7 36. Rxc5 Rxc5 37. bxc5 Qxc5 38. Qb3+ Kc7 39. Qc4 Qxc4
40. dxc4 Rd3+ 41. Kf2 Kd6 42. Rg6+ Kc5 43. Rg5 Kd4 44. Rxh5 Rxa3 45. c5 a5 46.
c6 Rc3 47. Rh6 Rc2+ 48. Kf3 e4+ 49. Kf4 Rf2+ 50. Kg3 Rf3+ 51. Kg4 Rc3 52. Kf4
Rf3+ 53. Kg4 Rc3 54. Kf4 Rf3+ 55. Kg4 a4 56. c7 1/2-1/2

[Event "Olimpiada Dresden 2008 Femenina"]
[Site "Dresden GER"]
[Date "2008.11.19"]
[Round "6.25"]
[White "Osmanodja, Filiz"]
[Black "Bulmaga, Irina"]
[Result "0-1"]
[WhiteElo "1939"]
[BlackElo "2287"]
[PlyCount "123"]
[EventDate "2008.11.13"]
[EventType "team-tourn"]
[EventRounds "11"]
[EventCountry "GER"]
[Source "lmi"]
[SourceDate "2008.11.13"]
[WhiteTeam "Alemania"]
[BlackTeam "Moldavia"]
[WhiteTeamCountry "GER"]
[BlackTeamCountry "MDA"]

1. e4 c5 2. Nf3 e6 3. c4 b6 4. Nc3 Bb7 5. Be2 d6 6. d4 cxd4 7. Nxd4 Nf6 8. f3
Be7 9. Be3 a6 10. O-O Nbd7 11. Qd2 Rc8 12. Rac1 O-O 13. Rfd1 Qc7 14. Bf1 Qb8
15. Qf2 Bd8 16. b4 Re8 17. Nb3 Ne5 18. Bxb6 Nxc4 19. Bxd8 Rexd8 20. Na4 Bc6 21.
Nac5 dxc5 22. Rxd8+ Rxd8 23. Bxc4 cxb4 24. Bxa6 Bb5 25. Bxb5 Qxb5 26. Qc5 Qe2
27. Qxb4 Qxa2 28. Qa5 Qxa5 29. Nxa5 g5 30. Nc6 Ra8 31. Rc2 Kg7 32. Nd4 Ra4 33.
Nb5 Nd7 34. Kf2 Ne5 35. Kg3 Rb4 36. Nd6 Rd4 37. Nb5 Rd3 38. Nc7 Rd8 39. Kf2 h5
40. Ke2 h4 41. Nb5 Kf6 42. Rd2 Rxd2+ 43. Kxd2 h3 44. gxh3 Nxf3+ 45. Ke2 Ng1+
46. Kf2 Nxh3+ 47. Kg3 Nf4 48. h4 Nh5+ 49. Kg4 gxh4 50. Kxh4 Nf4 51. Nd6 Ke7 52.
Nc4 f6 53. Kg3 Nd3 54. Kf3 Kd7 55. Ke3 Nc5 56. Nd2 Kc6 57. Nf3 Kb5 58. Nd4+ Kb6
59. e5 fxe5 60. Nxe6 Nxe6 61. Ke4 Kc6 62. Kxe5 0-1

[Event "Olimpiada Dresden 2008 Femenina"]
[Site "Dresden GER"]
[Date "2008.11.19"]
[Round "6.26"]
[White "Pasko, Roela"]
[Black "Makropoulou, Marina"]
[Result "0-1"]
[WhiteElo "1883"]
[BlackElo "2265"]
[PlyCount "98"]
[EventDate "2008.11.13"]
[EventType "team-tourn"]
[EventRounds "11"]
[EventCountry "GER"]
[Source "lmi"]
[SourceDate "2008.11.13"]
[WhiteTeam "Albania"]
[BlackTeam "Grecia"]
[WhiteTeamCountry "ALB"]
[BlackTeamCountry "GRE"]

1. d4 g6 2. c4 Bg7 3. Nc3 c5 4. d5 Bxc3+ 5. bxc3 f5 6. Qd3 Nf6 7. f3 d6 8. e4
Qa5 9. Bg5 Nbd7 10. exf5 gxf5 11. Nh3 h6 12. Bh4 Ne5 13. Qe3 Rf8 14. Be2 Bd7
15. Bg3 Nf7 16. O-O Qc7 17. Rfe1 O-O-O 18. Qxe7 Nh5 19. Bf4 Rde8 20. Qh4 Nxf4
21. Nxf4 Rg8 22. Qf6 Ne5 23. a4 Kb8 24. a5 Bc8 25. Nh5 Rg6 26. Qh4 Reg8 27. Nf4
R6g7 28. Kh1 Ng6 29. Nxg6 Rxg6 30. Bf1 Qg7 31. g3 Qxc3 32. Qf4 h5 33. Rec1 Qf6
34. Bd3 h4 35. Qxh4 Qb2 36. Rab1 Qd2 37. Rd1 Qxa5 38. Rb3 Qc7 39. Re1 R6g7 40.
Qf4 b6 41. Bc2 Re7 42. Rbe3 Rge8 43. Rxe7 Rxe7 44. Rxe7 Qxe7 45. Bxf5 Qf6 46.
Be6 Qxf4 47. gxf4 b5 48. h4 bxc4 49. Bf7 Bf5 0-1

[Event "Olimpiada Dresden 2008 Femenina"]
[Site "Dresden GER"]
[Date "2008.11.19"]
[Round "6.26"]
[White "Fakhiridou, Ekaterini"]
[Black "Shabanaj, Alda"]
[Result "1-0"]
[WhiteElo "2248"]
[BlackElo "1990"]
[PlyCount "79"]
[EventDate "2008.11.13"]
[EventType "team-tourn"]
[EventRounds "11"]
[EventCountry "GER"]
[Source "lmi"]
[SourceDate "2008.11.13"]
[WhiteTeam "Grecia"]
[BlackTeam "Albania"]
[WhiteTeamCountry "GRE"]
[BlackTeamCountry "ALB"]

1. e4 c6 2. d4 d5 3. e5 Bf5 4. Be3 e6 5. Nd2 Ne7 6. Be2 Nd7 7. f4 Qb6 8. Nb3
Be4 9. Nf3 Nf5 10. Bf2 h5 11. O-O Bxf3 12. Bxf3 g6 13. Rc1 Bh6 14. Qd2 Qd8 15.
c4 g5 16. cxd5 cxd5 17. Qd3 Nb6 18. Bxh5 gxf4 19. Nc5 Qg5 20. Bf3 Rb8 21. a4 a6
22. b3 Nh4 23. a5 Nd7 24. Nxb7 Bf8 25. Rc7 Ba3 26. Ra1 Bb2 27. Ra2 Bc1 28. Rxc1
Ke7 29. Rc7 Rbg8 30. Be1 f5 31. Bb4+ Kf7 32. Rxd7+ Kg6 33. Re7 Re8 34. Rxe8
Rxe8 35. Nc5 Kf7 36. Nxa6 Rh8 37. Nc5 Qh6 38. Be1 Nxf3+ 39. gxf3 Rg8+ 40. Rg2
1-0

[Event "Olimpiada Dresden 2008 Femenina"]
[Site "Dresden GER"]
[Date "2008.11.19"]
[Round "6.26"]
[White "Driza, Arta"]
[Black "Stiri, Alexandra"]
[Result "0-1"]
[WhiteElo "1959"]
[BlackElo "2171"]
[PlyCount "68"]
[EventDate "2008.11.13"]
[EventType "team-tourn"]
[EventRounds "11"]
[EventCountry "GER"]
[Source "lmi"]
[SourceDate "2008.11.13"]
[WhiteTeam "Albania"]
[BlackTeam "Grecia"]
[WhiteTeamCountry "ALB"]
[BlackTeamCountry "GRE"]

1. d4 Nf6 2. Nf3 e6 3. c4 b6 4. g3 Bb7 5. Bg2 Be7 6. O-O O-O 7. Nc3 Ne4 8. Bd2
f5 9. Qc2 Bf6 10. Rad1 Nxc3 11. Bxc3 Be4 12. Qb3 Qe8 13. Ne1 Bxg2 14. Nxg2 Qf7
15. Qc2 Nc6 16. d5 Ne5 17. b3 Rad8 18. Rd2 Ng6 19. Bxf6 Qxf6 20. dxe6 Qxe6 21.
Qd3 a5 22. a4 d6 23. Qd5 Rde8 24. h4 Qf7 25. h5 Ne5 26. Nf4 Nd7 27. Qxf7+ Kxf7
28. Nd5 Rc8 29. Rd3 Rfe8 30. Re1 Nf6 31. Nf4 Ne4 32. Nd5 Nf6 33. Nf4 Ne4 34.
Nd5 Nf6 0-1

[Event "Olimpiada Dresden 2008 Femenina"]
[Site "Dresden GER"]
[Date "2008.11.19"]
[Round "6.27"]
[White "Berzina, Ilze"]
[Black "Berend, Elvira"]
[Result "1-0"]
[WhiteElo "2320"]
[BlackElo "2328"]
[PlyCount "82"]
[EventDate "2008.11.13"]
[EventType "team-tourn"]
[EventRounds "11"]
[EventCountry "GER"]
[Source "lmi"]
[SourceDate "2008.11.13"]
[WhiteTeam "Letonia"]
[BlackTeam "Luxemburgo"]
[WhiteTeamCountry "LAT"]
[BlackTeamCountry "LUX"]

1. d4 Nf6 2. c4 e6 3. Nf3 b6 4. g3 Ba6 5. b3 Bb4+ 6. Bd2 Be7 7. Bg2 d5 8. O-O
O-O 9. Ne5 Bb7 10. Nc3 Nbd7 11. cxd5 exd5 12. Bf4 Re8 13. Rc1 c6 14. e4 Nf8 15.
exd5 cxd5 16. Ng4 Ne4 17. Nxe4 dxe4 18. Bc7 Qd7 19. Bh3 Kh8 20. Kg2 e3+ 21. f3
Qb5 22. a4 Qa6 23. Re1 Bg5 24. Ne5 Bd5 25. Rc3 Qb7 26. Bd6 Ne6 27. Bxe6 Bxe6
28. d5 Qxd5 29. Qxd5 Bxd5 30. Rd3 Be6 31. f4 Bf6 32. Rdxe3 Rac8 33. g4 h6 34.
Kg3 Red8 35. Bb4 g5 36. Ng6+ Kg7 37. Ne7 gxf4+ 38. Kxf4 Rd4+ 39. Re4 Bg5+ 40.
Kg3 Rxb4 41. Rxe6 Rc3+ 1-0

[Event "Olimpiada Dresden 2008 Femenina"]
[Site "Dresden GER"]
[Date "2008.11.19"]
[Round "6.27"]
[White "Wagener, Anna"]
[Black "Erneste, Inguna"]
[Result "0-1"]
[WhiteElo "2246"]
[BlackElo "2290"]
[PlyCount "124"]
[EventDate "2008.11.13"]
[EventType "team-tourn"]
[EventRounds "11"]
[EventCountry "GER"]
[Source "lmi"]
[SourceDate "2008.11.13"]
[WhiteTeam "Luxemburgo"]
[BlackTeam "Letonia"]
[WhiteTeamCountry "LUX"]
[BlackTeamCountry "LAT"]

1. e4 e5 2. Bc4 Nf6 3. d3 Nc6 4. Nc3 Bb4 5. Nge2 d5 6. exd5 Nxd5 7. Bxd5 Qxd5
8. O-O Qd8 9. f4 exf4 10. Bxf4 O-O 11. Qe1 Nd4 12. Nxd4 Qxd4+ 13. Kh1 c6 14.
Qg3 f6 15. Ne4 Be7 16. Bh6 Rf7 17. Rae1 Kf8 18. c3 Qd8 19. Bf4 b6 20. Bd6 Ba6
21. Bxe7+ Rxe7 22. Rf3 Qc7 23. Qh4 Kg8 24. Rh3 h6 25. Qg4 Rf8 26. Rf3 Qd7 27.
Qxd7 Rxd7 28. d4 f5 29. Ng3 f4 30. Nh5 g5 31. Re6 c5 32. Nf6+ Rxf6 33. Rxf6
cxd4 34. cxd4 Rxd4 35. h3 Rd1+ 36. Kh2 Rd2 37. Rg6+ Kh7 38. Re6 Bc4 39. Re7+
Kg6 40. Rc3 Bd5 41. Rd7 Rxg2+ 42. Kh1 Be4 43. Re7 Re2+ 44. Kg1 f3 45. Kf1 Kf5
46. Rf7+ Ke5 47. Rb3 h5 48. Rb5+ Kd4 49. Rxg5 Rxb2 50. Rf4 Rxa2 51. Rxh5 Ke3
52. Rxe4+ Kxe4 53. Rh7 a5 54. h4 b5 55. h5 b4 56. Rb7 Ke3 57. Re7+ Kd4 58. h6
Rh2 59. h7 b3 60. Rb7 Kc3 61. Kg1 Rh6 62. Kf2 b2 0-1

[Event "Olimpiada Dresden 2008 Femenina"]
[Site "Dresden GER"]
[Date "2008.11.19"]
[Round "6.27"]
[White "Skinke, Katrina"]
[Black "Steil-Antoni, Fiona"]
[Result "1-0"]
[WhiteElo "2186"]
[BlackElo "2166"]
[PlyCount "105"]
[EventDate "2008.11.13"]
[EventType "team-tourn"]
[EventRounds "11"]
[EventCountry "GER"]
[Source "lmi"]
[SourceDate "2008.11.13"]
[WhiteTeam "Letonia"]
[BlackTeam "Luxemburgo"]
[WhiteTeamCountry "LAT"]
[BlackTeamCountry "LUX"]

1. e4 e5 2. Nf3 Nc6 3. Bc4 Nf6 4. d3 Be7 5. O-O O-O 6. Bb3 d6 7. Nbd2 Kh8 8.
Nc4 Ng8 9. Ne3 Nh6 10. Nd5 f5 11. Nxe7 Qxe7 12. Bg5 Qe8 13. Bxh6 gxh6 14. exf5
Bxf5 15. Qd2 Qh5 16. Qe3 Bh3 17. Ne1 Bg4 18. f3 Bd7 19. c3 Ne7 20. d4 Nf5 21.
Qe4 Nh4 22. dxe5 Bc6 23. Qe3 dxe5 24. Rd1 Rae8 25. Rf2 a6 26. Bd5 Nf5 27. Qe2
Bxd5 28. Rxd5 Nd6 29. Nd3 Nf7 30. Nc5 Rd8 31. Rxd8 Rxd8 32. Rf1 Qg6 33. Ne4 Qe6
34. b3 Qd5 35. Qe3 b6 36. Qf2 Ng5 37. Qh4 Rg8 38. Kh1 Qe6 39. Re1 Qg6 40. Ng3
Re8 41. Qc4 Qd6 42. Qe2 Rd8 43. h3 Nf7 44. Ne4 Qd3 45. Qf2 Ng5 46. Qh4 Rg8 47.
Qg3 Nf7 48. Qf2 Nd6 49. c4 Nxe4 50. Rxe4 Rd8 51. Qh4 Qf1+ 52. Kh2 Rg8 53. Qf6+
1-0

[Event "Olimpiada Dresden 2008 Femenina"]
[Site "Dresden GER"]
[Date "2008.11.19"]
[Round "6.27"]
[White "Bakalarz, Grazyna"]
[Black "Ni, Viktorija"]
[Result "1/2-1/2"]
[WhiteElo "2001"]
[BlackElo "2168"]
[PlyCount "122"]
[EventDate "2008.11.13"]
[EventType "team-tourn"]
[EventRounds "11"]
[EventCountry "GER"]
[Source "lmi"]
[SourceDate "2008.11.13"]
[WhiteTeam "Luxemburgo"]
[BlackTeam "Letonia"]
[WhiteTeamCountry "LUX"]
[BlackTeamCountry "LAT"]

1. g3 Nf6 2. Bg2 g6 3. e4 d6 4. d4 Bg7 5. Ne2 O-O 6. O-O e5 7. c4 Nc6 8. d5 Ne7
9. Nbc3 Nd7 10. Be3 f5 11. f4 fxe4 12. Nxe4 Nf5 13. Bf2 h6 14. Rc1 Nf6 15.
Nxf6+ Bxf6 16. fxe5 Bxe5 17. Qd2 Qg5 18. Qxg5 hxg5 19. Nc3 Bd7 20. c5 dxc5 21.
Bxc5 Rfe8 22. Ne4 b6 23. Bf2 g4 24. b3 Rac8 25. Ng5 Nd4 26. Rcd1 Ne2+ 27. Kh1
Nc3 28. Rd2 Bf6 29. Ne6 c6 30. Nf4 Kg7 31. dxc6 Bxc6 32. Bxc6 Rxc6 33. Rd7+ Kh6
34. Rxa7 Ne4 35. Nd3 Rd6 36. Be3+ g5 37. Nf2 Nxf2+ 38. Bxf2 Re2 39. Rc7 Rxa2
40. Rc4 Be7 41. Re4 Bf6 42. Rxg4 Rb2 43. b4 Rdd2 44. Bg1 Bc3 45. Rc4 Bxb4 46.
Rc6+ Kg7 47. Rxb6 Bc3 48. Rxb2 Rxb2 49. Be3 Kg6 50. Rf8 Rb1+ 51. Kg2 Rb2+ 52.
Kf3 Rxh2 53. Rg8+ Kf7 54. Rxg5 Bf6 55. Rb5 Rc2 56. Rb7+ Kg6 57. Rb6 Kf7 58. Kg4
Re2 59. Rb7+ Kg6 60. Bf4 Re6 61. Rb5 Rc6 1/2-1/2

[Event "Olimpiada Dresden 2008 Femenina"]
[Site "Dresden GER"]
[Date "2008.11.19"]
[Round "6.28"]
[White "Cramling, Pia"]
[Black "Perena, Catherine"]
[Result "1-0"]
[WhiteElo "2550"]
[BlackElo "2210"]
[PlyCount "65"]
[EventDate "2008.11.13"]
[EventType "team-tourn"]
[EventRounds "11"]
[EventCountry "GER"]
[Source "lmi"]
[SourceDate "2008.11.13"]
[WhiteTeam "Suecia"]
[BlackTeam "Filipinas"]
[WhiteTeamCountry "SWE"]
[BlackTeamCountry "PHI"]

1. e4 e5 2. Nf3 Nc6 3. Bb5 a6 4. Ba4 Nf6 5. O-O Be7 6. Re1 b5 7. Bb3 d6 8. c3
O-O 9. h3 Na5 10. Bc2 c5 11. d4 Qc7 12. Nbd2 cxd4 13. cxd4 Nc6 14. a3 exd4 15.
Nb3 Nd7 16. Nbxd4 Nde5 17. Bf4 Be6 18. Rc1 Rac8 19. Nxe6 Nxf3+ 20. Qxf3 fxe6
21. e5 dxe5 22. Qh5 Rxf4 23. Qxh7+ Kf8 24. Qh8+ Kf7 25. Qh5+ Kf8 26. Be4 Rh4
27. Qf3+ Rf4 28. Qc3 Qb6 29. Bxc6 Rc4 30. Qf3+ Rf4 31. Qc3 Rc4 32. Qf3+ Rf4 33.
Qc3 1-0

[Event "Olimpiada Dresden 2008 Femenina"]
[Site "Dresden GER"]
[Date "2008.11.19"]
[Round "6.28"]
[White "Rivera, Daisy"]
[Black "Agrest, Svetlana"]
[Result "0-1"]
[WhiteElo "2073"]
[BlackElo "2258"]
[PlyCount "146"]
[EventDate "2008.11.13"]
[EventType "team-tourn"]
[EventRounds "11"]
[EventCountry "GER"]
[Source "lmi"]
[SourceDate "2008.11.13"]
[WhiteTeam "Filipinas"]
[BlackTeam "Suecia"]
[WhiteTeamCountry "PHI"]
[BlackTeamCountry "SWE"]

1. d4 Nf6 2. c4 c5 3. d5 b5 4. cxb5 a6 5. bxa6 g6 6. Nc3 Bxa6 7. g3 d6 8. Bg2
Bg7 9. Nf3 Nbd7 10. Rb1 O-O 11. O-O Qa5 12. Bd2 Bb7 13. Qc2 Qa6 14. e4 e6 15.
dxe6 fxe6 16. b4 Qc4 17. bxc5 Bxe4 18. Qb3 Qxb3 19. Rxb3 Nxc5 20. Nxe4 Nfxe4
21. Rb5 Nxd2 22. Nxd2 Rxa2 23. Nc4 Bd4 24. Nxd6 Bxf2+ 25. Kh1 Kg7 26. Rbb1 h5
27. Rbd1 h4 28. gxh4 Rf4 29. h5 gxh5 30. h3 Kf6 31. Rc1 Be3 32. Rce1 Rxf1+ 33.
Bxf1 Bf4 34. Ne4+ Nxe4 35. Rxe4 e5 36. Re1 Kg5 37. Bg2 Kh4 38. Rf1 Re2 39. Kg1
Kg5 40. Bf3 Rd2 41. Re1 Kh4 42. Re2 Rd6 43. Kf2 Rg6 44. Re4 Rg3 45. Bg2 Kg5 46.
Ra4 Rb3 47. Bf3 Be3+ 48. Ke2 Bd4 49. Bd5 Rxh3 50. Ra8 Bc5 51. Rc8 Be7 52. Rc1
Ra3 53. Rg1+ Kh6 54. Rg8 h4 55. Rh8+ Kg5 56. Ra8 Rc3 57. Re8 Bf6 58. Kd2 Rc5
59. Bg2 Kg4 60. Rg8+ Bg5+ 61. Kd3 Kf4 62. Rh8 Rc7 63. Rf8+ Kg3 64. Be4 Rd7+ 65.
Ke2 Rd2+ 66. Ke1 Rd4 67. Bh1 h3 68. Rg8 Kg4 69. Ke2 Rd2+ 70. Ke1 Rb2 71. Bd5 h2
72. Rh8 Bh4+ 73. Kd1 Rb1+ 0-1

[Event "Olimpiada Dresden 2008 Femenina"]
[Site "Dresden GER"]
[Date "2008.11.19"]
[Round "6.28"]
[White "Bernales, Christy Lamiel"]
[Black "Pavlovskaia, Evgenia"]
[Result "1/2-1/2"]
[WhiteElo "1998"]
[BlackElo "2197"]
[PlyCount "116"]
[EventDate "2008.11.13"]
[EventType "team-tourn"]
[EventRounds "11"]
[EventCountry "GER"]
[Source "lmi"]
[SourceDate "2008.11.13"]
[WhiteTeam "Filipinas"]
[BlackTeam "Suecia"]
[WhiteTeamCountry "PHI"]
[BlackTeamCountry "SWE"]

1. e4 c6 2. d3 d5 3. Nd2 g6 4. g3 Bg7 5. Bg2 e6 6. Ne2 Ne7 7. O-O O-O 8. h3 Nd7
9. Kh2 Rb8 10. f4 b6 11. Qe1 Nc5 12. e5 Na6 13. Nf3 c5 14. c3 Qc7 15. g4 b5 16.
Bd2 b4 17. c4 dxc4 18. dxc4 Rb6 19. g5 Nf5 20. Ng3 Nxg3 21. Kxg3 Nb8 22. b3 Nc6
23. Be3 Ne7 24. Nh4 Bb7 25. Bxb7 Rxb7 26. Qf2 Rc8 27. Rad1 Bf8 28. Rd3 Nf5+ 29.
Nxf5 exf5 30. Rfd1 Qe7 31. Rd5 Rbc7 32. R1d3 h6 33. h4 h5 34. Qd2 Qe6 35. Qf2
Qc6 36. Rd1 Re8 37. Qd2 Rec8 38. Qf2 Re8 39. Rd6 Bxd6 40. Rxd6 Qe4 41. Bxc5
Rxe5 42. Rd4 Rexc5 43. Rxe4 fxe4 44. Qd4 R5c6 45. Qxe4 Re6 46. Qa8+ Kh7 47. f5
gxf5 48. Kf4 Re2 49. Qf3 Re4+ 50. Kxf5 Rxh4 51. Qg3 Rc5+ 52. Kf6 Rg4 53. Qd3+
Kg8 54. Qd8+ Kh7 55. Qd3+ Kg8 56. Qd8+ Kh7 57. Qd3+ Kg8 58. Qd8+ Kh7 1/2-1/2

[Event "Olimpiada Dresden 2008 Femenina"]
[Site "Dresden GER"]
[Date "2008.11.19"]
[Round "6.29"]
[White "Caoili, Arianne"]
[Black "Sukandar, Irine Kharisma"]
[Result "1/2-1/2"]
[WhiteElo "2170"]
[BlackElo "2303"]
[PlyCount "94"]
[EventDate "2008.11.13"]
[EventType "team-tourn"]
[EventRounds "11"]
[EventCountry "GER"]
[Source "lmi"]
[SourceDate "2008.11.13"]
[WhiteTeam "Australia"]
[BlackTeam "Indonesia"]
[WhiteTeamCountry "AUS"]
[BlackTeamCountry "INA"]

1. c4 e5 2. Nc3 Nf6 3. Nf3 Nc6 4. e4 Bc5 5. Nxe5 Nxe5 6. d4 Bb4 7. dxe5 Nxe4 8.
Qg4 Nxc3 9. a3 Bf8 10. Bg5 d6 11. Qh4 Qd7 12. bxc3 Qe6 13. Bd3 dxe5 14. Bxh7 g6
15. O-O Qg4 16. Rad1 Bd7 17. Rfe1 Qxh4 18. Rxe5+ Be7 19. Rxe7+ Kf8 20. Bxh4 Bg4
21. f3 Rxh7 22. Bf6 Be6 23. Rxc7 Rh5 24. g4 Ra5 25. Rxb7 Bxc4 26. Rbd7 Re8 27.
Rd8 Bb5 28. c4 Ba4 29. Rxe8+ Bxe8 30. Bc3 Ra4 31. Bb4+ Kg7 32. Rd8 Bc6 33. g5
f5 34. Kf2 a5 35. Bf8+ Kf7 36. Bd6 Rxc4 37. Be5 Ke6 38. f4 Kf7 39. Rd6 Be8 40.
h4 Rc2+ 41. Kg3 Rc6 42. Rd5 a4 43. Ra5 Rb6 44. Ra7+ Ke6 45. Ra8 Kf7 46. Ra7+
Ke6 47. Ra8 Kf7 1/2-1/2

[Event "Olimpiada Dresden 2008 Femenina"]
[Site "Dresden GER"]
[Date "2008.11.19"]
[Round "6.29"]
[White "Dekic, Biljana N"]
[Black "Dewi, Aa Citra"]
[Result "0-1"]
[WhiteElo "2103"]
[BlackElo "1802"]
[PlyCount "129"]
[EventDate "2008.11.13"]
[EventType "team-tourn"]
[EventRounds "11"]
[EventCountry "GER"]
[Source "lmi"]
[SourceDate "2008.11.13"]
[WhiteTeam "Australia"]
[BlackTeam "Indonesia"]
[WhiteTeamCountry "AUS"]
[BlackTeamCountry "INA"]

1. d4 d5 2. c4 c6 3. Nf3 Nf6 4. Nc3 a6 5. e3 b5 6. c5 g6 7. Ne5 Bg7 8. Be2 O-O
9. f4 Bf5 10. Bf3 Ne4 11. Bd2 f6 12. Ng4 e5 13. Nf2 Nxf2 14. Kxf2 Kh8 15. h4
Nd7 16. h5 gxh5 17. Bxh5 Kg8 18. Bg4 Bxg4 19. Qxg4 exd4 20. Qe6+ Rf7 21. exd4
f5 22. Kf3 Qf6 23. Rae1 Nf8 24. Qxf6 Bxf6 25. Be3 Re8 26. Bf2 Re6 27. Rxe6 Nxe6
28. Ne2 a5 29. Rh5 Ng7 30. Rh6 Ne6 31. b3 Kg7 32. Rh1 Kg6 33. g4 fxg4+ 34. Kxg4
Rg7 35. Kf3 Kf7 36. Rh6 Nf8 37. Ng3 Rg6 38. Rh5 Rg8 39. Nf5 Kg6 40. Ng3 Kf7 41.
Rh1 Rg6 42. a4 b4 43. Nf5 Be7 44. Nxe7 Kxe7 45. f5 Rg7 46. Rh6 Rf7 47. Kg4 Rg7+
48. Kf4 Kd7 49. Rf6 Rg8 50. Bg3 h5 51. Kf3 Ke8 52. Rxc6 Rg5 53. Rc8+ Kf7 54. c6
Rxf5+ 55. Ke3 h4 56. Bd6 Ne6 57. c7 Nxc7 58. Bxc7 Rf1 59. Rh8 Rb1 60. Rxh4
Rxb3+ 61. Kd2 Ra3 62. Bxa5 Rxa4 63. Bb6 b3 64. Bc5 Ra8 65. Rh8 0-1

[Event "Olimpiada Dresden 2008 Femenina"]
[Site "Dresden GER"]
[Date "2008.11.19"]
[Round "6.30"]
[White "Pourkashiyan, Atousa"]
[Black "Zepeda, Lorena"]
[Result "0-1"]
[WhiteElo "2241"]
[BlackElo "2159"]
[PlyCount "94"]
[EventDate "2008.11.13"]
[EventType "team-tourn"]
[EventRounds "11"]
[EventCountry "GER"]
[Source "lmi"]
[SourceDate "2008.11.13"]
[WhiteTeam "Irán"]
[BlackTeam "El Salvador"]
[WhiteTeamCountry "IRI"]
[BlackTeamCountry "ESA"]

1. e4 c5 2. Nf3 d6 3. d4 cxd4 4. Nxd4 Nf6 5. Nc3 a6 6. Bc4 e6 7. Bb3 Be7 8. O-O
O-O 9. f4 b5 10. e5 dxe5 11. fxe5 Nfd7 12. Qh5 Nc5 13. Be3 b4 14. Na4 Nxb3 15.
axb3 Bb7 16. Rad1 Qc7 17. Bf4 Nc6 18. Nf3 Rad8 19. c3 Na5 20. Rxd8 Rxd8 21. Be3
Nxb3 22. Bb6 Bc5+ 23. Bxc5 Bxf3 24. Qxf3 Nxc5 25. Nxc5 Qxc5+ 26. Kh1 Rf8 27.
Re1 bxc3 28. bxc3 h6 29. h3 a5 30. Re4 Rb8 31. Kh2 Rc8 32. c4 a4 33. Qc3 a3 34.
Qb3 Ra8 35. Re2 Qa5 36. Qa2 Qc3 37. Kh1 Rb8 38. Kh2 Rb2 39. Qa1 Qb3 40. Re1 a2
41. Re3 Qc2 42. Rg3 Qf2 43. Qd1 Rb1 44. Qd8+ Kh7 45. Rf3 Qg1+ 46. Kg3 Qe1+ 47.
Kg4 Qe4+ 0-1

[Event "Olimpiada Dresden 2008 Femenina"]
[Site "Dresden GER"]
[Date "2008.11.19"]
[Round "6.30"]
[White "Zepeda, Sonia"]
[Black "Paridar, Shadi"]
[Result "0-1"]
[WhiteElo "2118"]
[BlackElo "2248"]
[PlyCount "110"]
[EventDate "2008.11.13"]
[EventType "team-tourn"]
[EventRounds "11"]
[EventCountry "GER"]
[Source "lmi"]
[SourceDate "2008.11.13"]
[WhiteTeam "El Salvador"]
[BlackTeam "Irán"]
[WhiteTeamCountry "ESA"]
[BlackTeamCountry "IRI"]

1. e4 c5 2. Nf3 Nc6 3. d4 cxd4 4. Nxd4 Qc7 5. Be3 a6 6. Nc3 e6 7. Qd2 Nf6 8.
O-O-O Bb4 9. Bd3 Ng4 10. Nde2 b5 11. Kb1 Nxe3 12. Qxe3 O-O 13. h4 Ne5 14. f4
Nc4 15. Qg3 Bb7 16. h5 Rac8 17. Bxc4 bxc4 18. h6 g6 19. Qh4 f5 20. exf5 Rxf5
21. g4 Rf7 22. Rhf1 Rcf8 23. Qh3 Qa5 24. Qe3 Bg2 25. Rg1 Bc6 26. Rgf1 Rb8 27.
Ka1 Bc5 28. Qe5 Qb4 29. Rb1 Bd6 30. Qe3 Bg2 31. Rfd1 Rbf8 32. f5 exf5 33. gxf5
Rxf5 34. Qd4 R8f6 35. Qa7 Qb7 36. Qe3 Be5 37. Nd4 Rh5 38. a3 d5 39. Rg1 Bh3 40.
Rh1 Qd7 41. Rbe1 Rf4 42. Nf3 Bc7 43. Nd4 Re5 44. Qd2 Bg4 45. Ka2 Rf8 46. Qg2
Rd8 47. Ref1 Rde8 48. Rh4 Bh5 49. Rhf4 Bb6 50. Nf3 Rf5 51. Rxf5 Qxf5 52. Ng5
Qd7 53. Nxd5 Bd4 54. Rf7 Qb5 55. c3 Qb3+ 0-1